Personnages Féminins dans Game of Thrones - Statistiques

Statistiques générales
  • Ce quiz a été pris 192 fois
  • Le résultat moyen est 19 sur 28
Statistiques - réponses
Par images Réponse % Correct
Arya Stark
99%
Sansa Stark
99%
Daenerys Targaryen
98%
Cersei Lannister
97%
Brienne de Torth
93%
Margaery Tyrell
89%
Missandei
89%
Catelyn Stark
86%
Mélisandre
86%
Shae
81%
Ygritte
77%
Yara Greyjoy
76%
Olenna Tyrell
74%
Vère
73%
Lysa Arryn
71%
Myrcella Baratheon
69%
Lyanna Mormont
62%
Osha
59%
Shireen Baratheon
57%
Talisa Maegyr
57%
Meera Reed
53%
Ellaria Sand
45%
Nymeria Sand
40%
Walda Bolton
38%
Obara Sand
36%
Selyse Baratheon
36%
Myranda
34%
Tyene Sand
20%
Aucun quiz correspondant
Distribution des résultats
% des personnes avec chaque résultat
Percentile par nombre de réponses
Votre historique - résultats
Vous n’avez pas pris ce quiz